00514 a2200157 4500010001400000020002600014035001300040037001500053082001800068100001500086245009700101260002800198270006000226300002900286500004100315 aENG-90045 a9788189884475c495.00 aEN-73578 bDBAD / PUB14a304.6660954331 aDevika, J.1 aIndividuals, housholders, citizens:cby J. Devikabmalayalis and family planning, 1930-1970/ aNew DelhibZubaanc2008 aK-92, 1st Floor, Hauz Khas Enclave,bNew Delhie110 016 aviii, 224p.c23 cm (Hb) aIncludes bibliographical references